| 000 | 02045cam a2200421 i 4500 | ||
|---|---|---|---|
| 001 | 23713802 | ||
| 005 | 20250331171856.0 | ||
| 008 | 240530t20192019enka 000 1 eng d | ||
| 010 | _a 2024402392 | ||
| 020 | _a9781529302806 | ||
| 035 | _a(OCoLC)on1090856927 | ||
| 040 |
_aYDX _beng _erda _cYDX _dUKMGB _dOCLCO _dOCLCF _dEXR _dGK8 _dJTH _dOCL _dOCLCO _dUAP _dEAU _dOCLCQ _dOCLCO _dOCLCL _dZGR _dOCLCO _dDLC |
||
| 041 | 0 |
_aeng _apor |
|
| 042 | _alccopycat | ||
| 050 | 0 | 0 |
_aPC5071 _b.R53 2019 |
| 100 |
_aRichards, Olly _eauthor _912403 |
||
| 245 | 1 | 0 |
_aShort stories in Brazilian Portuguese _b:read for pleasure at your level and learn Brazilian Portuguese the fun way! _c/ Olly Richards ; translated by Ethel Pereira de Almedia Rowbotham. |
| 246 | 3 | 0 | _aBrazilian Portuguese |
| 246 | 3 | 4 |
_aShort stories in Brazilian Portuguese : _bfor beginners |
| 246 | 3 | 0 | _aRead for pleasure at your level and learn Brazilian Portuguese the fun way |
| 260 |
_aLondon : _bJohn Murray Learning, _c2019. |
||
| 300 |
_axiv, 224 pages : _billustrations ; _c20 cm. |
||
| 490 | _aForeign language graded reader series | ||
| 490 | _aTeach yourself books | ||
| 500 | _a"CEFR A2-B1"--Cover | ||
| 500 | _a"For high-beginner to low-intermediate language learners" -- Page 4 of cover. | ||
| 520 | _aEight unconventiional and captivating short stories for adult and young adult learners of Brazilian Portuguese, which will help the reader to expand vocabulary and improve comprehension in a natural way. | ||
| 650 | 0 |
_aPortuguese language _vReaders _vShort stories, Portuguese _925105 |
|
| 650 | 0 |
_aPortuguese language _vTextbooks for foreign speakers _xEnglish _925068 |
|
| 650 | 0 |
_aPortuguese language _xStudy and teaching _xForeign speakers _925106 |
|
| 650 | 0 |
_aReading comprehension _vProblems, exercises, etc. _925107 |
|
| 655 | 0 |
_aTextbooks _xfor English speakers _922374 |
|
| 655 | 0 |
_aTextbooks _923731 |
|
| 655 | 0 |
_aShort stories _922375 |
|
| 655 | 0 |
_aReaders (Publications) _925108 |
|
| 700 |
_aAlmeida Rowbotham, Ethel Pereira de _etranslator _925070 |
||
| 942 | _2lcc | ||
| 999 |
_c4622 _d4622 |
||